Statystyki dla Rymanów Zdrój A-Z

Kliknij tutaj aby rozwiązać quiz!

Ogólne statystyki

  • Ten quiz został rozwiązany 8 razy
  • Średni wynik to 16 z 22

Statystyki odpowiedzi

PodpowiedźLiteraOdpowiedź% Poprawnych
Imię założycielki Rymanowa ZdrojuAAnna
100%
Nazwa napoi produkowanych przy ul. WęgierskiejCCelestynka
100%
Na środku parku zdrojowegoFFontanna
100%
Imię świętego, którego kapliczka znajduje się niedaleko Krokusowej polanyHHubert
100%
Miejscowość jaką jest Rymanów ZdrójUUzdrowisko
100%
Budynek w którym mieści się siedziba zarządu uzdrowiskaBBiały Orzeł
80%
Duże sanatorium przy ul. ParkowejEEskulap
80%
Opuszczone sanatorium przy ul. KasztanowejGGozdawa
80%
Patron parku ZdrojowegoJJan Paweł II
80%
Zielone sanatorium niedaleko Willi ZofiaMMaria
80%
Źródełko położone poniżej sanatorium AnnaNNaftusia
80%
Gmina w jakiej jest położony Rymanów ZdrójRRymanów
80%
Imię patrona parafii Rymanó ZdrójSStanisław
80%
Rzeka przepływająca przez Rymanów ZdrójTTabor
80%
Jedno ze źródełek niedaleko Zielonego DomkuIIgnacy
60%
Jedno ze źródełek w PijalniKKlaudia
60%
Opuszczona wieś Łemków wcielona do Rymanowa ZdrojuWWołtuszowa
60%
Szczyt na wschodzie miejscowościZZamczyska
60%
Ulica zaczynająca się obok orlika w Rymanowie Zdroju i prowadząca na Posadę GórnąDDębowa
40%
Kształt dachu sceny nad czarnym potokiemLLiść
40%
Ulica łącząca ulice Zdrojową i KasztanowąOOgrodowa
40%
Nazwa Centrum Rehabilitacji KardiologicznejPPolonia
40%

Rozkład punktacji

Percentyl według liczby udzielonych odpowiedzi

Procent ludzi z każdym wynikiem

Twoja historia wyników

Nie rozwiązałeś tego quizu